Pays Sans Aéroport - Statistiques

Statistiques générales
  • Ce quiz a été pris 79 fois
  • Le résultat moyen est 5 sur 5
Statistiques - réponses
Pays % Correct
Andorre
96%
Liechtenstein
93%
Monaco
93%
Vatican
92%
Saint-Marin
88%
Aucun quiz correspondant
Distribution des résultats
% des personnes avec chaque résultat
Percentile par nombre de réponses
Votre historique - résultats
Vous n’avez pas pris ce quiz